Brooklyn Nets Leading Rebounder per year - Statistics

General Stats
  • This quiz has been taken 57 times
    54 since last reset
  • The average score is 21 of 57
Answer Stats
Year Player % Correct
2015 Brook Lopez
86%
2010 Brook Lopez
86%
2009 Brook Lopez
86%
2024 Nic Claxton
69%
2023 Nic Claxton
69%
1989 Buck Williams
58%
1988 Buck Williams
58%
1987 Buck Williams
58%
1986 Buck Williams
58%
1985 Buck Williams
58%
1984 Buck Williams
58%
1983 Buck Williams
58%
1982 Buck Williams
58%
1999 Jayson Williams
58%
1998 Jayson Williams
58%
1997 Jayson Williams
58%
1996 Jayson Williams
58%
1976 Julius Erving
56%
1975 Julius Erving
56%
2008 Jason Kidd
53%
2007 Jason Kidd
53%
2006 Jason Kidd
53%
2005 Jason Kidd
53%
1995 Derrick Coleman
50%
1994 Derrick Coleman
50%
1993 Derrick Coleman
50%
1992 Derrick Coleman
50%
1991 Derrick Coleman
50%
2021 Jarrett Allen
47%
2004 Kenyon Martin
44%
2003 Kenyon Martin
44%
2014 Kevin Garnett
44%
2020 DeAndre Jordan
36%
1970 Ed Johnson
28%
1978 George Johnson
28%
2018 Rondae Hollis-Jefferson
25%
2022 Andre Drummond
19%
2012 Kris Humphries
17%
2011 Kris Humphries
17%
2002 Keith Van Horn
11%
1990 Sam Bowie
11%
2013 Reggie Evans
8%
2017 Trevor Booker
8%
1979 Bernard King
6%
1973 Billy Paultz
6%
1972 Billy Paultz
6%
1971 Billy Paultz
6%
2019 Ed Davis
6%
2016 Thaddeus Young
6%
2001 Jamie Feick
3%
2000 Jamie Feick
3%
1974 Larry Kenon
3%
1981 Maurice Lucas
3%
1980 Calvin Natt
0%
1968 Hank Whitney
0%
1969 Manny Leaks
0%
1977 Mike Bantom
0%
No matching quizzes found
Score Distribution
Percent of People with Each Score
Percentile by Number Answered
Your Score History
You have not taken this quiz since the last reset